LEADER 00874nam2-22003011i-450- 001 990000221090403321 035 $a000022109 035 $aFED01000022109 035 $a(Aleph)000022109FED01 035 $a000022109 100 $a20011111d--------km-y0itay50------ba 101 0 $aita 105 $ay-------001yy 200 1 $a2. : 423 p. : ill.In testa al front.: Encyclopédie destravaux publics. Precede il tit.:Architecture et constructions civiles 210 $aParis$cBaudry et C.$d1891- 215 $av.$d25 cm 461 0$1001000009748$12001$aMaconnerie 610 0 $aStrutture in muratura 676 $a693.1 700 1$aDenfer,$bJ. 801 0$aIT$bUNINA$gRICA$2UNIMARC 901 $aBK 912 $a990000221090403321 952 $a13 AR 22 C 04$b4003$fFINBC 952 $a13 AR 22 C 05$b2637$fFINBC 959 $aFINBC 997 $aUNINA DB $aING01 LEADER 01553nam--2200421---450- 001 990003650880203316 005 20120413134307.0 010 $a978-88-387-6717-3 035 $a000365088 035 $aUSA01000365088 035 $a(ALEPH)000365088USA01 035 $a000365088 100 $a20120413d2011----km-y0itay50------ba 101 $aita 102 $aIT 105 $a||||||||001yy 200 1 $aGuida alla costituzione di società$ecome scegliere la forma di impresa più adatta per la propria attività$etipologie societarie, vantaggi e svantaggi, adempimenti amministrativi, requisiti formali e sostanziali, profili fiscali e contabili, formulario$fCinzia De Stefanis, Antonio Quercia 210 $aSantarcangelo di Romagna$cMaggioli$d2011 215 $a379 p.$d24 cm$e1 CD-ROM 225 2 $aProfessionisti & Imprese$v180 410 0$12001 410 0$1001000352764$aProfessionisti & Imprese$iSocietà$v, 180 454 1$12001 461 1$1001-------$12001 606 0 $aSocietà $xDiritto$2BNCF 676 $a346.45066 700 1$aDE STEFANIS,$bCinzia$0267953 701 1$aQUERCIA,$bAntonio$0524401 801 0$aIT$bsalbc$gISBD 912 $a990003650880203316 951 $aXXX.B. Coll. 201/ 38$b19996 EC.$cXXX.B. Coll. 201/$d00309517 959 $aBK 969 $aECO 979 $aFIORELLA$b90$c20120413$lUSA01$h1335 979 $aFIORELLA$b90$c20120413$lUSA01$h1336 979 $aFIORELLA$b90$c20120413$lUSA01$h1343 996 $aGuida alla costituzione di società$91139539 997 $aUNISA